00996nam a22002537a 45000010005000000030006000050050017000110080041000280200018000690400029000870500021001160820010001371000024001472450076001712600051002473000064002985050008003625200232003705210023006025210020006256500031006456500031006767000035007077651FISKH20250729152913.0250729b cb ||||| |||| 00| 0 eng d a9780547223001 aFISKHbengcFISKHdFISKH aPS3619.A4256 B66 a811.6 aSalas, Laura Purdie aBook speak ! /cby Laura Purdie Salas : Illustrated by Josee Bisaillon  aBoston : bHoughton Mifflin Harcourt , c2011. a32 unnumbered pages : bcolor illustrations ;c26 x 27 cm . aM  aPresents a series of poems which pay tribute to the limitless worlds available through books, as characters plead for sequels, strut fancy jackets, and have a raucous party in the aisles after a bookstore closes for the night. 8 a540 bLexile AD 8 aM bRaz-Plus  aBooks and readingvFiction aPoems about booksvFiction aBisaillon, JoseeeIllustrator